Fotografie Zita Poláková - Joyce Šarišská galéria v Prešove 8.11.2007-5.1.2008 : projekt Umenie bez hraníc

Bibliographic Details
Main Author: Hrebíčková, Marta, 1952- (Author, Curator)
Format: Book
Language:Slovak
English
PhysicalDescription:1 zlož. list ([6] s.) fotogr. 15 x 33 cm
Published: Prešov Šarišská galéria 2007
ISBN:(brož.)
Edition:[1. vyd.]
Subjects:

MARC

LEADER 00000nam a2200000 a 4500
001 vtls009277352
003 SK-MaSNL
005 20260331204919.0
008 080318s2007 xo o g c 000 0dslo
015 |a SNBE2009/03-00756 
020 |a (brož.) 
040 |a SNK  |b slo  |c SNK  |e AACR2 
041 0 |a slo  |a eng 
043 |a e-xo--- 
044 |a xo  |c SK 
072 7 |a 77  |x Fotografia. Fotografické postupy  |2 konspekt 
080 |a 77-055.2  |2 2001 
080 |a 77.04  |2 2001 
080 |a (437.6)  |2 2001 
080 |a (083.824)  |2 2001 
100 1 |a Poláková - Joyce, Zita,  |d 1976-  |4 art  |9 594504 
245 1 0 |a Fotografie Zita Poláková - Joyce  |b Šarišská galéria v Prešove 8.11.2007-5.1.2008 : projekt Umenie bez hraníc  |c [autorka projektu, kurátorka výstavy: M. Hrebíčková] 
250 |a [1. vyd.] 
260 |a Prešov  |b Šarišská galéria  |c 2007 
300 |a 1 zlož. list ([6] s.)  |b fotogr.  |c 15 x 33 cm 
500 |a Názov z obalu 
500 |a Výstavu pripravila ŠG v Prešove v rámci projektu Umenie bez hraníc 
504 |a Biogr. údaje. Zozn. výstav 
546 |a Súbež. text angl. 
600 1 7 |a Poláková - Joyce, Zita,  |d 1976-  |2 SNKMA  |9 594504 
648 7 |a 20.-21. stor.  |2 SNKPH  |9 270701 
650 0 7 |a fotografky  |2 SNKPH  |9 83145 
650 0 7 |a umelecká fotografia  |2 SNKPH  |9 29370 
651 7 |a Slovensko  |2 SNKPH  |9 14231 
655 7 |a katalógy výstav  |2 SNKPH  |9 70445 
700 1 |a Hrebíčková, Marta,  |d 1952-  |4 aut  |4 cur  |9 251945 
999 |c 914432  |d 916362 
952 |a SNK  |b SNK  |y PREZ  |7 0  |p 17A0583424  |o snkOSB 15029  |i snk2008/6603  |8 0  |0 0  |1 0  |4 0  |d 2008-03-18  |l 0  |r 2026-02-24 07:55:20  |w 2026-02-24 
952 |a SNK  |b SNK  |y PREZ  |7 0  |p 17A0583425  |o snkOSB 15029 D1  |i snk2008/6604  |8 0  |0 0  |1 0  |4 0  |d 2008-03-18  |l 0  |r 2026-02-24 07:55:20  |w 2026-02-24